000 00285nam a22000977a 4500
008 130410b xxu||||| |||| 00| 0 eng d
020 _cAvalable
082 _a003.54WEL
245 _aApplied Coding & Information Theory for Engineers
_cWells, Richard B
260 _aIndia
_bPearson Educaton
_c2004
999 _c23337
_d23337